[Event "Northwest Chess Open"]
[Site "Seattle, WA"]
[Date "2014.12.14"]
[Round "5"]
[White "Tan Alan  (WA)"]
[Black "Chamberlain Andrew  (WA)"]
[Result "1-0"]
[WhiteElo "1733"]
[BlackElo "1546"]
[Annotator ""]
[Source ""]
[Remark ""]

1.c4 e5 2.Nc3 Nf6 3.g3 Bc5 4.Bg2 O-O 5.e3 Re8 6.Nge2 Nc6 7.O-O
d6 8.h3 a6 9.a3 Ne7 10.b4 Ba7 11.Bb2 c6 12.d4 Bf5 13.Rc1 Ng6
14.Kh2 exd4 15.Nxd4 Bd7 16.Nce2 Qc7 17.Qc2 Re7 18.Rfd1 Rae8 19.Nf5
Bxf5 20.Qxf5 Ne4 21.Nd4 Re5 22.Qf3 d5 23.Nf5 Qd7 24.Bxe5 {
  At this point, Black attempted to capture the Bishop with his Queen.  As this
was an illegal move, and touh move rules would have fored him to move the queen somewhere, he chose to resign.}
 1-0

[Event "Northwest Chess Open"]
[Site "Seattle, WA"]
[Date "2014.12.14"]
[Round "5"]
[White "Tiglon Bryce  (WA)"]
[Black "Pupols Viktors  (WA)"]
[Result "1/2-1/2"]
[WhiteElo "2258"]
[BlackElo "2202"]
[Annotator ""]
[Source ""]
[Remark ""]

1.e4 e6 2.d4 d5 3.Nd2 dxe4 4.Nxe4 Nd7 5.Nf3 Ngf6 6.Nxf6+ Nxf6
7.Bd3 c5 8.O-O cxd4 9.Nxd4 Be7 10.c3 O-O 11.Re1 a6 12.Bf4 Re8
13.Be5 g6 14.Qf3 Nh5 15.Rad1 Bf6 16.Nc6 Qb6 17.g4 Qxc6 18.Qxc6
bxc6 19.gxh5 Bxe5 20.Rxe5 Rd8 21.Ree1 Kg7 22.Be4 Bb7 23.f4 gxh5
24.Kf2 h4 25.Rg1+ Kf6 26.Ke3 a5 27.Rxd8 Rxd8 28.Rg4 a4 29.Rxh4
a3 30.bxa3 Ra8 31.Rh6+ Ke7 32.Rxh7 Kf6 33.Bc2 Rxa3 34.Bb3 c5
35.f5 Bd5 36.c4 Bxc4 37.fxe6 Bxb3 38.axb3 Rxb3+ 39.Kd2 Kxe6 40.Rh8
Kf6 41.Rh5 1/2-1/2

[Event "Northwest Chess Open"]
[Site "Seattle, WA"]
[Date "2014.12.13"]
[Round "1"]
[White "Pupols Viktors  (WA)"]
[Black "Tan Alan  (WA)"]
[Result "1-0"]
[WhiteElo "2202"]
[BlackElo "1733"]
[Annotator ""]
[Source ""]
[Remark ""]

1.d4 Nf6 2.c4 e6 3.Nc3 Bb4 4.Bd2 b6 5.f3 Bb7 6.e4 d5 7.Qa4+ Nc6
8.cxd5 exd5 9.Bb5 O-O 10.Bxc6 Bxc6 11.Qxc6 dxe4 12.Nge2 exf3
13.Qxf3 Re8 14.O-O-O c5 15.Bg5 Bxc3 16.Nxc3 cxd4 17.Bxf6 gxf6
18.Qg4+ 1-0

[Event "Northwest Chess Open"]
[Site "Seattle, WA"]
[Date "2014.12.14"]
[Round "5"]
[White "Piper August  (WA)"]
[Black "Orr Michael  (WA)"]
[Result "1-0"]
[WhiteElo "1500"]
[BlackElo "1629"]
[Annotator ""]
[Source ""]
[Remark ""]

1.Nf3 f5 2.b3 Nf6 3.Bb2 e6 4.c4 d6 5.g3 Nc6 6.Bg2 g6 7.d4 Bg7
8.Nbd2 O-O 9.O-O Ne4 10.a3 e5 11.e3 Nxd2 12.Qxd2 e4 13.Ne1 Bd7
14.b4 a6 15.f3 b5 16.Rc1 Qe8 17.fxe4 fxe4 18.Rxf8+ Qxf8 19.Bxe4
Re8 20.Bd5+ Kh8 21.Ng2 Qe7 22.cxb5 Nb8 23.bxa6 c6 24.a7 Na6 25.Rxc6
Qf6 26.Rc1 Bh6 27.a8Q Bb5 28.Qxe8+ 1-0

[Event "Northwest Chess Open"]
[Site "Seattle, WA"]
[Date "2014.12.13"]
[Round "2"]
[White "Zhang Eric  (WA)"]
[Black "Orr Michael  (WA)"]
[Result "1-0"]
[WhiteElo "1873"]
[BlackElo "1629"]
[Annotator ""]
[Source ""]
[Remark ""]

1.d4 f5 2.Nf3 Nf6 3.g3 g6 4.Bg2 Bg7 5.c4 O-O 6.O-O d6 7.Nc3 c6
8.Re1 Na6 9.a3 Nc7 10.e4 fxe4 11.Nxe4 Bg4 12.h3 Bf5 13.Nxf6+
Bxf6 14.Bf4 Ne6 15.Bh6 Ng7 16.g4 e6 17.gxf5 exf5 18.Bxg7 Bxg7
19.Qe2 Rc8 20.Qe7 Qb6 21.Ng5 Rc7 22.Qxd6 Bxd4 23.Ne6 Bxf2+ 24.Kf1
Rcf7 25.Re2 Rf6 26.Qe7 1-0

[Event "Northwest Chess Open"]
[Site "Seattle, WA"]
[Date "2014.12.13"]
[Round "3"]
[White "Chamberlain Andrew  (WA)"]
[Black "Peterson Chris  (WA)"]
[Result "1-0"]
[WhiteElo "1546"]
[BlackElo "1843"]
[Annotator ""]
[Source ""]
[Remark ""]

1.d4 d5 2.c4 c6 3.Nc3 g6 4.Bf4 Bg7 5.e3 Nf6 6.Nf3 O-O 7.h3 Bf5
8.Bd3 Be4 9.O-O Nbd7 10.cxd5 Bxd5 11.e4 Be6 12.Ng5 Nh5 13.Nxe6
fxe6 14.Be3 Qb6 15.Bc4 Qxb2 16.Bxe6+ Kh8 17.Na4 Qb4 18.Bxd7 Rad8
19.Rb1 Qd6 20.Bg4 Bxd4 21.Bxd4+ Qxd4 22.Qxd4+ Rxd4 23.Nc5 Rc4
24.Ne6 Rb8 25.Bxh5 gxh5 26.f3 Rc2 27.Rf2 Rc3 28.Rd2 b5 29.Rd7
a5 30.Rbd1 Kg8 31.Rxe7 b4 32.Rdd7 1-0

[Event "Northwest Chess Open"]
[Site "Seattle, WA"]
[Date "2014.12.13"]
[Round "3"]
[White "Borthwick Andrew  (WA)"]
[Black "Qian Daniel  (WA)"]
[Result "0-1"]
[WhiteElo "826"]
[BlackElo "1276"]
[Annotator ""]
[Source ""]
[Remark ""]

1.d4 d5 2.c4 e6 3.Nc3 Nf6 4.cxd5 Nxd5 5.e4 Nf6 6.Nf3 Bb4 7.Bc4
Bxc3+ 8.bxc3 Nxe4 9.Qd3 Nd6 10.Bb3 Nc6 11.O-O Ne7 12.Re1 Bd7
13.Bg5 h6 14.Bh4 g5 15.Bg3 f5 16.Bxd6 cxd6 17.Bxe6 Bxe6 18.Rxe6
Qd7 19.Rxe7+ Kxe7 20.Re1+ Kf6 21.d5 Rhe8 22.Rb1 b6 23.Kf1 Qe7
24.c4 Qe4 25.Qc3+ Kf7 26.h3 Qxb1+ 0-1

[Event "Northwest Chess Open"]
[Site "Seattle, WA"]
[Date "2014.12.13"]
[Round "3"]
[White "Pupols Viktors  (WA)"]
[Black "Zhang Eric  (WA)"]
[Result "1-0"]
[WhiteElo "2202"]
[BlackElo "1873"]
[Annotator ""]
[Source ""]
[Remark ""]

1.d4 d5 2.c4 e6 3.Nc3 Nf6 4.Bg5 Be7 5.e3 h6 6.Bh4 O-O 7.Qc2 c6
8.Nf3 Nbd7 9.a3 a5 10.h3 dxc4 11.Bxc4 b5 12.Bd3 Bb7 13.O-O Re8
14.e4 b4 15.Na4 Rc8 16.axb4 axb4 17.Nc5 Nxc5 18.dxc5 Ra8 19.Nd2
Nd7 20.Rxa8 Qxa8 21.Bxe7 Rxe7 22.f4 Ba6 23.Ra1 Nb8 24.Bxa6 Ra7
25.Nb3 Rxa6 26.Rd1 Qb7 27.Rd8+ Kh7 28.Qd3 Ra7 29.e5+ g6 30.Qd6 1-0

[Event "Northwest Chess Open"]
[Site "Seattle, WA"]
[Date "2014.12.13"]
[Round "3"]
[White "Orr Michael  (WA)"]
[Black "Ahluwalia Anshul  (WA)"]
[Result "0-1"]
[WhiteElo "1629"]
[BlackElo "1397"]
[Annotator ""]
[Source ""]
[Remark ""]

1.d4 d5 2.Nf3 Nf6 3.Bg5 Nbd7 4.e3 e6 5.Bd3 c6 6.Nbd2 Be7 7.c3
O-O 8.Ne5 Re8 9.f4 h6 10.Bh4 c5 11.O-O Nh7 12.Qh5 Nxe5 13.fxe5
Bxh4 14.Qxf7+ Kh8 15.Qg6 Ng5 16.Rf7 Rg8 17.Nf3 Ne4 18.Nd2 Qg5
19.Bxe4 dxe4 20.Qxe4 cxd4 21.exd4 Qxd2 22.Qxh4 Qxb2 23.Raf1 Qxc3
24.Qf4 b6 25.Rc1 Qb4 26.h3 Ba6 27.Rcc7 Bd3 28.Qg4 Bf5 29.Rxg7
Qf8 30.Qxf5 Qxf5 0-1

[Event "Northwest Chess Open"]
[Site "Seattle, WA"]
[Date "2014.12.13"]
[Round "3"]
[White "Buck Stephen  (WA)"]
[Black "Tan Alan  (WA)"]
[Result "0-1"]
[WhiteElo "1715"]
[BlackElo "1733"]
[Annotator ""]
[Source ""]
[Remark ""]

1.c4 e5 2.Nc3 Nf6 3.g3 d5 4.cxd5 Nxd5 5.Bg2 Nb6 6.Nf3 Nc6 7.O-O
Be7 8.d3 O-O 9.Be3 Be6 10.Na4 f6 11.Nc5 Bxc5 12.Bxc5 Rf7 13.Nd2
Bd5 14.Bxd5 Qxd5 15.Nb3 Rd8 16.Qc1 Na4 17.Be3 Nd4 18.Bxd4 exd4
19.Qd2 Re8 20.Rac1 Rfe7 21.Rfe1 Nb6 22.Rc2 Nc8 23.Qf4 c6 24.Qxd4
Qh5 25.e3 Qf5 26.Qc4+ Kh8 27.d4 Nd6 28.Qe2 Ne4 29.Nc5 Ng5 30.Rec1
Nf3+ 31.Kg2 Nxd4 32.Qd2 Nxc2 33.Rxc2 b6 34.Nb3 c5 35.Qe2 Qd5+
36.Kg1 Qe6 37.Nc1 Rd8 38.b3 Red7 39.Kg2 Qe4+ 40.f3 Qxc2 0-1

[Event "Northwest Chess Open"]
[Site "Seattle, WA"]
[Date "2014.12.14"]
[Round "4"]
[White "Zhang Kyle  (WA)"]
[Black "Orr Michael  (WA)"]
[Result "0-1"]
[WhiteElo "974"]
[BlackElo "1629"]
[Annotator ""]
[Source ""]
[Remark ""]

1.d4 f5 2.e3 Nf6 3.Bd3 d6 4.Nd2 g6 5.f4 Bg7 6.Ngf3 O-O 7.O-O
Nc6 8.h3 Qe8 9.c3 e5 10.fxe5 dxe5 11.dxe5 Nxe5 12.Bc2 Bd7 13.Bb3+
Kh8 14.Nc4 Nxf3+ 15.Qxf3 Bc6 16.Qe2 a5 17.Nd2 Bh6 18.Nf3 a4 19.Bc2
Bb5 20.Bd3 Bxd3 21.Qxd3 Rd8 22.Qe2 f4 23.Re1 Nd5 24.e4 Ne3 25.Bxe3
fxe3 26.Qc2 Qe7 27.Qxa4 Qd6 28.Rad1 Qg3 29.Qc2 Bf4 30.Qe2 g5
31.Kf1 h5 32.a3 g4 33.Ng1 Bg5+ 34.Nf3 gxf3 35.Kg1 fxe2 36.Rxe2
Rxd1+ 37.Re1 Rxe1# 0-1

[Event "Northwest Chess Open"]
[Site "Seattle, WA"]
[Date "2014.12.14"]
[Round "4"]
[White "Tan Alan  (WA)"]
[Black "Olson Travis  (WA)"]
[Result "1-0"]
[WhiteElo "1733"]
[BlackElo "1862"]
[Annotator ""]
[Source ""]
[Remark ""]

1.c4 b6 2.Nc3 Bb7 3.e4 e6 4.d4 Bb4 5.Qc2 Nf6 6.Bd3 d6 7.Qa4+
Nc6 8.d5 Bxc3+ 9.bxc3 Qd7 10.dxc6 Bxc6 11.Qc2 h6 12.a4 a5 13.h3
e5 14.Nf3 O-O-O 15.Nd2 Nh5 16.Be2 Nf6 17.Bf3 g5 18.Nf1 Qe6 19.Ne3
Kb8 20.Nd5 Nd7 21.Bg4 Qe8 22.Bxd7 Qxd7 23.Be3 Ka7 24.Kd2 Rb8
25.Rhb1 Rhf8 26.g4 Bxd5 27.cxd5 Rb7 28.Rb5 Kb8 29.Rab1 Qd8 30.Ke2
Ka8 31.Qb3 Qb8 32.c4 f6 33.Bd2 Ra7 34.Bxa5 Rxa5 35.Rxa5+ bxa5
36.Qb5 Qb6 37.Qxb6 cxb6 38.Rxb6 Rc8 39.Kd3 Rd8 40.Ra6+ Kb7 41.Rxa5
Kb6 42.Rb5+ Kc7 43.c5 dxc5 44.Rxc5+ Kd7 45.a5 Rb8 46.a6 1-0

[Event "Northwest Chess Open"]
[Site "Seattle, WA"]
[Date "2014.12.13"]
[Round "2"]
[White "Ahluwalia Anshul  (WA)"]
[Black "Borthwick Andrew  (WA)"]
[Result "1-0"]
[WhiteElo "1397"]
[BlackElo "826"]
[Annotator ""]
[Source ""]
[Remark ""]

1.d4 d5 2.c4 dxc4 3.e4 e6 4.Bxc4 Nc6 5.Be3 Nf6 6.f3 Bb4+ 7.Nc3
O-O 8.Nge2 Qe7 9.O-O Rd8 10.Qc2 a6 11.Rad1 b5 12.Bb3 Ba5 13.e5
Nh5 14.g4 Nf6 15.exf6 Qxf6 16.Ne4 Qe7 17.Qxc6 1-0

[Event "Northwest Chess Open"]
[Site "Seattle, WA"]
[Date "2014.12.13"]
[Round "1"]
[White "Chamberlain Andrew  (WA)"]
[Black "Tiglon Bryce  (WA)"]
[Result "0-1"]
[WhiteElo "1546"]
[BlackElo "2258"]
[Annotator ""]
[Source ""]
[Remark ""]

1.d4 Nf6 2.c4 g6 3.Nf3 Bg7 4.e4 d6 5.Nc3 O-O 6.Be2 e5 7.d5 Nbd7
8.b4 a5 9.Qa4 h6 10.O-O Nxe4 11.Nxe4 f5 12.Nfd2 fxe4 13.Nxe4
Nb6 14.Qa3 Bf5 15.Nc3 Qh4 16.Qb3 a4 17.Qd1 Qd4 18.Bd2 Nxc4 19.Nb5
Qxd2 20.Bxc4 Qxb4 21.Rc1 Qa5 22.Bd3 Rf7 23.Qe2 e4 24.Bb1 h5 25.Rfd1
Bg4 26.f3 exf3 27.gxf3 Bxf3 28.Qe6 Qb6+ 29.Nd4 Bxd4+ 30.Kf1 Bxd5+ 0-1

[Event "Northwest Chess Open"]
[Site "Seattle, WA"]
[Date "2014.12.13"]
[Round "2"]
[White "Tan Alan  (WA)"]
[Black "Wade James  (WA)"]
[Result "1-0"]
[WhiteElo "1733"]
[BlackElo "1169"]
[Annotator ""]
[Source ""]
[Remark ""]

1.c4 Nf6 2.g3 g6 3.Bg2 Bg7 4.Nc3 d6 5.Nf3 O-O 6.O-O c5 7.Rb1
Nc6 8.a3 Bf5 9.d3 Qc8 10.b4 Bh3 11.Bg5 Bxg2 12.Kxg2 h6 13.Bxf6
Bxf6 14.Nd5 Qd8 15.bxc5 dxc5 16.Nxf6+ exf6 17.Rxb7 Ne5 18.Nxe5
fxe5 19.Qa4 Qc8 20.Rfb1 Re8 21.Qd7 Qxd7 22.Rxd7 e4 23.Rbb7 exd3
24.exd3 Rf8 25.Rxa7 Rab8 26.a4 Rb2 27.a5 Re8 28.a6 Re6 29.Rxf7
Ree2 30.Rab7 Ra2 31.a7 Red2 32.Rf3 1-0

[Event "Northwest Chess Open"]
[Site "Seattle, WA"]
[Date "2014.12.13"]
[Round "2"]
[White "Seshadri Sridhar  (WA)"]
[Black "Pupols Viktors  (WA)"]
[Result "0-1"]
[WhiteElo "1706"]
[BlackElo "2202"]
[Annotator ""]
[Source ""]
[Remark ""]

1.d4 Nf6 2.Bg5 c6 3.Nf3 Qb6 4.Qc1 Ne4 5.Bf4 d5 6.e3 e6 7.Be2
Bd6 8.Bxd6 Nxd6 9.Nbd2 Nd7 10.c4 dxc4 11.Nxc4 Nxc4 12.Bxc4 O-O
13.O-O Rd8 14.Rd1 Nf8 15.Bd3 Bd7 16.Qc2 Qa5 17.Ne5 Be8 18.Qc3
Qc7 19.Rac1 Qe7 20.Nf3 f6 21.Rc2 Bf7 22.Bc4 c5 23.Qa3 a6 24.b3
Ng6 25.Be2 cxd4 26.Qxe7 Nxe7 27.Nxd4 e5 28.Nf3 Rxd1+ 29.Bxd1
Nc6 30.Rd2 Be6 31.h3 Kf7 32.Nh2 Ke7 33.Bc2 g6 34.f4 f5 35.Nf3
e4 36.Ng5 Bg8 37.h4 h6 38.Nh3 Nb4 39.Nf2 Rc8 40.Bd1 Nd5 41.Be2
Nxe3 42.Nh3 Rc1+ 43.Kf2 Nd5 44.Kg3 Rc3+ 45.Kh2 Nb4 46.h5 gxh5
47.Bxh5 Rc2 48.Rxc2 Nxc2 49.g4 Bf7 50.Kg2 Bxh5 51.gxh5 Nb4 52.a4
Nd3 53.Kf1 Nc5 54.Ke2 Nxb3 55.Nf2 Nc5 56.Ke3 Nxa4 {
 At this point, the scoresheet learly indicates 57. Zd2, with Zb3 two moves
later, followed by Zd4.  This would seem to indicate either some missing moves,
or an illegal move that was somehow overlooked.  Since my program will not
allow for illegal moves, I cannot provide the rest of the game except within
this comment, which I shall do in the original Latvian notation:  57.Zd2 b5 58.
Kd4 Ke6  59. Zb3 Kd6  60. Ke3 Zb6  61. Zd4 Zd5+  62. Kd2 Ze7  63. Kc3 Kd5  64. Zc2 Kc5  65. Za1 Zd5+.  0-1}
 0-1

[Event "Northwest Chess Open"]
[Site "Seattle, WA"]
[Date "2014.12.13"]
[Round "2"]
[White "Qian Daniel  (WA)"]
[Black "Chamberlain Andrew  (WA)"]
[Result "0-1"]
[WhiteElo "1276"]
[BlackElo "1546"]
[Annotator ""]
[Source ""]
[Remark ""]

1.c4 e5 2.Nc3 Nc6 3.g3 Bc5 4.Bg2 Nge7 5.e3 O-O 6.Nge2 d6 7.d3
Bf5 8.a3 a5 9.f4 Re8 10.e4 Bg4 11.h3 Bxe2 12.Qxe2 exf4 13.Bxf4
Nf5 14.Qg4 Nfd4 15.Bh6 Qf6 16.Bg5 Nc2+ 17.Kd1 Qf2 18.Bh6 Ne3+
19.Bxe3 Bxe3 20.Qe2 Qxg3 21.Bf3 Ba7 22.Nd5 Nd4 23.Qg2 Qxf3+ 24.Qxf3
Nxf3 25.Nxc7 Rac8 26.Nxe8 Rxe8 27.Rf1 Nd4 28.b4 Bb6 29.bxa5 Bxa5
30.Rb1 b6 31.Rg1 Re6 32.Rb2 Rf6 33.Rbg2 g6 34.Rg3 Rf2 35.R1g2
Rf1# 0-1

[Event "Northwest Chess Open"]
[Site "Seattle, WA"]
[Date "2014.12.13"]
[Round "2"]
[White "Colasurdo James  (WA)"]
[Black "Jung Trevor  (WA)"]
[Result "1-0"]
[WhiteElo "2059"]
[BlackElo "1671"]
[Annotator ""]
[Source ""]
[Remark ""]

1.d4 f5 2.c3 Nf6 3.Nf3 d6 4.g3 e6 5.Bg2 Be7 6.O-O O-O 7.Nbd2
Qe8 8.Qc2 Qg6 9.Ne1 Nc6 10.Nd3 Nh5 11.e4 Bg5 12.f4 Be7 13.e5
d5 14.Nf3 Nd8 15.Be3 Nf7 16.b3 h6 17.c4 c6 18.b4 a6 19.a4 Bd7
20.Nc5 Bxc5 21.bxc5 Nh8 22.Rab1 Rab8 23.Rb6 dxc4 24.Qxc4 Qe8
25.Rfb1 Qc8 26.Qb3 Ng6 27.Rxb7 Ra8 28.Nd2 Qe8 29.Bf3 Bc8 30.Rc7
Nh8 31.Rxc6 Bd7 32.Rb6 Ra7 33.c6 Bc8 34.Nc4 g6 35.Nd6 Qe7 36.Rb8
Rc7 37.d5 Nf7 38.Nxc8 Rcxc8 39.Rxc8 Rxc8 40.d6 Nxd6 41.exd6 Qxd6
42.Rd1 Qe7 43.Rd7 Qe8 44.Bd4 Rd8 45.Rxd8 Qxd8 46.Qxe6+ Kf8 47.Bd5 1-0

[Event "Northwest Chess Open"]
[Site "Seattle, WA"]
[Date "2014.12.13"]
[Round "2"]
[White "Zhang Kyle  (WA)"]
[Black "Piper August  (WA)"]
[Result "0-1"]
[WhiteElo "974"]
[BlackElo "1500"]
[Annotator ""]
[Source ""]
[Remark ""]

1.e4 c5 2.Nf3 d6 3.Nc3 a6 4.Bc4 e6 5.d3 Nf6 6.Bg5 Be7 7.O-O O-O
8.d4 cxd4 9.Nxd4 Qc7 10.Bb3 Nc6 11.Nxc6 Qxc6 12.Re1 b5 13.e5
dxe5 14.Rxe5 Bb7 15.Qf1 Bd6 16.Re3 Ng4 17.Rh3 h6 18.Bd2 Rad8
19.Rd1 Rd7 20.f3 Bc5+ 21.Kh1 Nf2+ 22.Qxf2 Bxf2 23.Bf4 Rfd8 24.Rf1
Bd4 25.Nd1 a5 26.c3 Bf6 27.Nf2 b4 28.cxb4 axb4 29.Rb1 Qc5 30.Ng4
Qf5 31.Rg1 Qxf4 32.Rg3 Rc7 33.Nxf6+ Qxf6 34.h3 Rdc8 35.Kh2 Rc1
36.Rxc1 Rxc1 37.Rg4 Qe5+ 38.Rg3 Rh1+ 39.Kxh1 Qxg3 40.Bc4 Bd5
41.Bxd5 exd5 42.a3 b3 43.f4 Qxf4 44.g3 Qc1+ 45.Kg2 Qxb2+ 46.Kg1
Qxa3 47.Kg2 b2 48.g4 b1Q 49.h4 Qe4+ 50.Kf2 Qaf3+ 51.Kg1 Qexg4+
52.Kh2 Qgg2# 0-1

[Event "Northwest Chess Open"]
[Site "Seattle, WA"]
[Date "2014.12.13"]
[Round "1"]
[White "Qian Daniel  (WA)"]
[Black "Yu Jason  (WA)"]
[Result "0-1"]
[WhiteElo "1276"]
[BlackElo "1830"]
[Annotator ""]
[Source ""]
[Remark ""]

1.c4 e6 2.Nc3 d5 3.cxd5 exd5 4.d4 Nf6 5.Nf3 Be7 6.Bf4 c6 7.e3
Nbd7 8.Be2 Nh5 9.Be5 Qb6 10.Qc2 Nxe5 11.Nxe5 Nf6 12.Bd3 Be6 13.Rb1
O-O 14.O-O h6 15.Qe2 Qc7 16.h3 Nd7 17.Nf3 f5 18.Qc2 g6 19.a3
a6 20.Rbe1 Bd6 21.g3 Nf6 22.Nh4 Kg7 23.Ng2 Ne4 24.Nxe4 fxe4 25.Be2
Bxh3 26.Kh2 Bxg2 27.Kxg2 Rf6 28.Rh1 Raf8 29.Ref1 Rf5 30.Rh2 Rxf2+
31.Rxf2 Rxf2+ 32.Kxf2 Bxg3+ 33.Kg2 Bxh2 34.Qc1 Qg3+ 35.Kh1 Qf2
36.Bg4 Bg3 37.Qg1 Qxg1+ 38.Kxg1 b6 39.Kf1 Kf6 40.Bc8 Ke7 41.Bxa6
Kd6 42.b4 b5 43.Bc8 h5 44.Bh3 g5 45.Kg2 Be1 46.Kf1 Bd2 47.Ke2
Bc1 48.Kd1 Bxa3 49.Bf5 Bxb4 50.Bg6 g4 51.Bxh5 g3 52.Ke2 g2 53.Kf2
Bd2 54.Kxg2 Bxe3 55.Kf1 Bxd4 56.Ke2 c5 57.Kd2 c4 58.Kc2 b4 59.Be2
b3+ 60.Kb1 c3 61.Kc1 Be3+ 0-1

[Event "Northwest Chess Open"]
[Site "Seattle, WA"]
[Date "2014.12.13"]
[Round "1"]
[White "Orr Michael  (WA)"]
[Black "Borthwick Noah  (WA)"]
[Result "1-0"]
[WhiteElo "1629"]
[BlackElo "562"]
[Annotator ""]
[Source ""]
[Remark ""]

1.d4 d5 2.Nf3 Nf6 3.Bg5 Nc6 4.Bxf6 exf6 5.e3 Bf5 6.a3 a6 7.c4
Na5 8.Nbd2 Qd7 9.cxd5 Qxd5 10.b4 Nc6 11.Bc4 Qd6 12.Qb3 Be6 13.d5
b5 14.dxe6 bxc4 15.exf7+ Kxf7 16.Nxc4 Qe6 17.Nce5+ Nxe5 18.Qxe6+
Kxe6 19.Nd4+ Kf7 20.Ke2 c5 21.Nc2 Rb8 22.Rhd1 cxb4 23.axb4 Nc6
24.Rxa6 Nxb4 25.Ra7+ Be7 26.Nd4 Nd5 27.Kf3 Rbc8 28.Nf5 Rc7 29.Rxc7
Nxc7 30.Rd7 Ke6 31.Rxc7 Re8 32.Nxg7+ Kf7 33.Nf5 ( 33.Nxe8 ) 1-0

[Event "Northwest Chess Open"]
[Site "Seattle, WA"]
[Date "2014.12.13"]
[Round "1"]
[White "Borthwick Andrew  (WA)"]
[Black "Farny Andreas  (WA)"]
[Result "0-1"]
[WhiteElo "761"]
[BlackElo "1669"]
[Annotator ""]
[Source ""]
[Remark ""]

1.d4 d5 2.c4 c6 3.cxd5 cxd5 4.Bf4 Nf6 5.Nc3 e6 6.Nf3 Nc6 7.Qa4
Nh5 8.g3 Nxf4 9.gxf4 Bd7 10.e3 Ne5 11.Qd1 Nxf3+ 12.Qxf3 Bb4 13.O-O-O
Rc8 14.Rd3 Bb5 15.Qe2 Bxd3 16.Qxd3 Qa5 17.Qb5+ Qxb5 18.Bxb5+
Ke7 19.Kd2 Rc7 20.a3 Bxc3+ 21.bxc3 Rd8 22.Rc1 Kf6 23.Kd3 h6 24.f3
a6 25.Ba4 Kf5 26.Bb3 b5 27.a4 b4 28.c4 dxc4+ 29.Bxc4 b3 0-1

[Event "Northwest Chess Open"]
[Site "Seattle, WA"]
[Date "2014.12.14"]
[Round "5"]
[White "Qian Daniel  (WA)"]
[Black "Zhang Kyle  (WA)"]
[Result "0-1"]
[WhiteElo "1276"]
[BlackElo "974"]
[Annotator ""]
[Source ""]
[Remark ""]

1.e4 e5 2.Nf3 Nc6 3.Bc4 Nf6 4.Nc3 Bc5 5.d3 h6 6.Be3 Bb6 7.O-O
d6 8.h3 Be6 9.Bb3 O-O 10.Qd2 Qe7 11.Bd5 Bxd5 12.exd5 Nd4 13.Bxd4
Bxd4 14.Nxd4 exd4 15.Rfe1 dxc3 16.Rxe7 cxd2 17.Rd1 Nxd5 18.Rd7
Rad8 19.Rxd2 Rxd7 20.Kh2 Re7 21.g4 Rfe8 22.Kg3 Re2 23.Rd1 Rxc2
24.Kh4 g6 25.f3 Rxb2 26.a4 Re3 27.Rf1 Rxd3 28.f4 Rb4 29.f5 Kg7
30.fxg6 Kxg6 31.a5 h5 32.a6 bxa6 33.Rf3 Rdd4 34.Rf6+ Nxf6 35.Kg3
Kg5 36.h4+ Kg6 37.gxh5+ Kxh5 38.Kg2 Rd3 39.Kf2 Rb2+ 40.Ke1 Rh3
41.Kf1 Rh1# 0-1

[Event "Northwest Chess Open"]
[Site "Seattle, WA"]
[Date "2014.12.13"]
[Round "3"]
[White "Jung Trevor  (WA)"]
[Black "Raffel Brian  (WA)"]
[Result "1/2-1/2"]
[WhiteElo "1671"]
[BlackElo "1474"]
[Annotator ""]
[Source ""]
[Remark ""]

1.e4 c5 2.Nf3 d6 3.d4 cxd4 4.Nxd4 Nf6 5.Nc3 a6 6.Bc4 e6 7.O-O
Be7 8.Be3 Nc6 9.Kh1 Qc7 10.Bb3 b5 11.a3 Bb7 12.f4 O-O 13.f5 e5
14.Nf3 Nd4 15.Nxd4 exd4 16.Qxd4 Ng4 17.Bf4 Rad8 18.Nd5 Bxd5 19.Qxd5
Qb6 20.Qd2 d5 21.Qe2 Nf6 22.e5 Ne4 23.Bxd5 Rxd5 24.Qxe4 Rfd8
25.Qf3 Qd4 26.c3 Qa4 27.Qg3 Rd1 28.f6 Bf8 29.h3 R1d3 30.Qf2 Qe4
31.Rae1 Rxh3+ 32.Kg1 Qg6 33.Bh2 Rd5 34.Kh1 Rh5 35.Qf3 Rd3 36.Qf2
Qh6 37.Qf4 Qg6 38.fxg7 Bxg7 39.Rf3 Rxf3 40.Qxf3 Bxe5 41.Qxh5
Qxh5 42.Rxe5 Qd1+ 43.Bg1 Qc1 44.Re8+ Kg7 45.Ra8 1/2-1/2

[Event "Northwest Chess Open"]
[Site "Seattle, WA"]
[Date "2014.12.14"]
[Round "4"]
[White "Tien Sophie  (WA)"]
[Black "Borthwick Noah  (WA)"]
[Result "1-0"]
[WhiteElo "1089"]
[BlackElo "562"]
[Annotator ""]
[Source ""]
[Remark ""]

1.e4 e5 2.Nf3 Nf6 3.Nc3 Nc6 4.d4 Nxd4 5.Nxd4 exd4 6.Qxd4 b6 7.Be3
Bc5 8.Qd2 Bxe3 9.Qxe3 Bb7 10.f3 O-O 11.Bd3 Re8 12.O-O-O d5 13.Ne2
dxe4 14.Bb5 Bd5 15.Bxe8 Qxe8 16.fxe4 Bxe4 17.Nf4 Qc6 18.Qd2 g5
19.Nd3 Bxd3 20.Qxd3 Qe4 21.Qxe4 Nxe4 22.Rhf1 Kg7 23.Rd7 c5 24.Rfxf7+
Kg6 25.Rg7+ Kf5 26.Rxa7 Rxa7 27.Rxa7 h5 28.Kd1 h4 29.Ke2 Ke5
30.Rb7 g4 31.Rh7 g3 32.Rxh4 gxh2 33.Rxh2 b5 34.a3 c4 35.Rh5+
Kd4 36.Rxb5 c3 37.Rb4+ Ke5 38.bxc3 Nxc3+ 39.Kd3 Nd1 40.g4 Nf2+
41.Ke2 Ne4 42.Rxe4+ Kxe4 43.a4 Kf4 44.a5 Kxg4 45.a6 Kf5 46.a7
Ke6 47.a8Q Kd6 48.Qc8 Kd5 49.c4+ Ke5 50.c5 Kd5 51.c6 Kc5 52.c7
Kb6 53.Qd8 Kb7 54.c8R Ka6 55.Rc6+ Kb5 56.Qd5+ Kb4 57.Qc5+ 1-0